Goodwill ako rozhodujúci faktor ohodnocovania podnikov služieb

Goodwill - kľúčová zložka, na ktorej spočíva ohodnotenie podnikov služieb. Špecifiká podnikov služieb. Dva základné typy goodwillu: podnikový goodwill, osobný goodwill. Druhy goodwillu: všeobecný, komerčný, priemyselný, finančný politický. Meranie goodwillu.

Salvato in:
Dettagli Bibliografici
Autore principale: Kardoš, Peter
Natura: Capitolo di libro
Lingua:slovacco
Soggetti:
Tags: Aggiungi Tag
Nessun Tag, puoi essere il primo ad aggiungerne!!

MARC

LEADER 00000naa$a2200000$$$4500
001 0056394
005 20240502071635.8
041 0 |a slo 
044 |a SK 
245 1 0 |a Goodwill ako rozhodujúci faktor ohodnocovania podnikov služieb  |c Peter Kardoš 
520 |a Goodwill - kľúčová zložka, na ktorej spočíva ohodnotenie podnikov služieb. Špecifiká podnikov služieb. Dva základné typy goodwillu: podnikový goodwill, osobný goodwill. Druhy goodwillu: všeobecný, komerčný, priemyselný, finančný politický. Meranie goodwillu. 
610 2 0 |a goodwill 
610 2 0 |a podnik služieb 
610 2 0 |a ohodnocovanie podniku 
610 2 0 |a pojmy 
100 1 |a Kardoš, Peter